Najczęściej oglądane ligi piłkarskie na świecie! - Statystyki

Ogólne statystyki
  • Ten quiz został rozwiązany 226 razy
    216 od ostatniego zresetowania
  • Średni wynik to 5 z 13
Statystyki odpowiedzi
Średnia liczba kibiców Liga % Poprawnych
38076 La Liga
98%
41698 Bundesliga
89%
35516 Premier League
89%
21069 Serie A
82%
20898 Ligue 1
76%
21692 MLS
37%
19553 Championship
24%
12035 liga NOS
21%
19176 2. Bundesliga
8%
ok. 8000 PKO Ekstraklasa
5%
12.414 Pro League
5%
24255 Chinese Super League
2%
26794 liga MX
2%
Nie znaleziono quizów pasujących do podanych kryteriów
Rozkład punktacji
Procent ludzi z każdym wynikiem
Percentyl według liczby udzielonych odpowiedzi
Twoja historia wyników
Nie rozwiązałeś tego quizu od ostatniego zresetowania